00477 2200193 4500001002100000005001500021008004100036020002200077035001900099041000700118082000900125090001600134100002000150245003000170250001000200260002800210300002400238650002100262INLIS00000000002478620241224131805241224||||||||| | ||| |||| || |  a978-979-045-805-5 0010-1224024786 aid0 aNONE a741.5 ANI k0 aAnisa Widiyarti00aKetika Ulangan Matematika aCet.1 aSolobTiga Anandac2015 a32 hlm.; ilus 20 cm 0acerita bergambar